[Event "48th Bosna it"]
[Site "Sarajevo BIH"]
[Date "2018.05.07"]
[Round "4.62"]
[White "Alispahic, Armin"]
[Black "Rakita, Jandrija"]
[Result "1-0"]
[WhiteElo "1549"]
[BlackElo "1688"]
[EventDate "2018.05.05"]
[PlyCount "73"]

1.e4 e5 2.Nf3 d6 3.d4 exd4 4.Nxd4 c5 5.Nf3 Be6 6.Bb5+ Nd7 7.O-O a6 8.Bxd7+
Qxd7 9.h3 h6 10.Nc3 Nf6 11.b3 Be7 12.a4 O-O 13.Bb2 Nh7 14.a5 Bf6 15.Qc1 
Qc6 16.Re1 g5 17.Nh2 Bd4 18.Qd2 f5 19.Nd5 Bxd5 20.exd5 Qd7 21.Bxd4 cxd4 
22.Re6 Rae8 23.Rg6+ Kf7 24.Rxh6 Kg7 25.Re6 Rxe6 26.dxe6 Qxe6 27.Qxd4+ Qe5 
28.Qd1 Re8 29.Nf3 Qe6 30.Qd2 Qf6 31.Rd1 Rd8 32.c4 Kg6 33.Qb4 Qe7 34.Re1 
Qf7 35.Qd2 Qd7 36.c5 dxc5 37.Ne5+ 1-0

[Event "48th Bosna it"]
[Site "Sarajevo BIH"]
[Date "2018.05.08"]
[Round "5.1"]
[White "Brkic, Ante"]
[Black "Predke, Alexandr"]
[Result "1/2-1/2"]
[WhiteElo "2598"]
[BlackElo "2603"]
[EventDate "2018.05.05"]
[PlyCount "27"]

1.e4 e5 2.Nf3 Nc6 3.Bb5 a6 4.Ba4 Nf6 5.O-O Be7 6.Re1 d6 7.c3 O-O 8.h3 Bd7 
9.d4 exd4 10.cxd4 d5 11.e5 Ne4 12.Nc3 Nxc3 13.bxc3 Bf5 14.Bf4 1/2-1/2

[Event "48th Bosna it"]
[Site "Sarajevo BIH"]
[Date "2018.05.08"]
[Round "5.2"]
[White "Schreiner, Peter"]
[Black "Kozul, Zdenko"]
[Result "0-1"]
[WhiteElo "2473"]
[BlackElo "2597"]
[EventDate "2018.05.05"]
[PlyCount "234"]

1.d4 Nf6 2.c4 g6 3.g3 c6 4.Bg2 d5 5.Qa4 dxc4 6.Qxc4 Bg7 7.Nf3 O-O 8.O-O 
Qb6 9.e3 a5 10.Nc3 Be6 11.Qe2 a4 12.e4 Bg4 13.Be3 Qa5 14.h3 Bxf3 15.Bxf3 
a3 16.e5 Nd5 17.Nxd5 cxd5 18.b4 Qxb4 19.Bxd5 Nc6 20.Rab1 Qa4 21.Rxb7 e6 
22.Bxc6 Qxc6 23.Rfb1 h5 24.Bg5 Rfc8 25.Be7 Qd5 26.Bc5 Bf8 27.Bxf8 Rxf8 28.
Qd2 Rac8 29.R7b3 Rc4 30.Rb8 Rcc8 31.R8b3 Rc4 32.Rb8 Rxd4 33.Rxf8+ Kxf8 34.
Qh6+ Ke7 35.Qe3 Rd3 36.Qg5+ Kd7 37.Qf4 Rd1+ 38.Rxd1 Qxd1+ 39.Kh2 Ke8 40.
Qc4 Qd7 41.Qa6 Qd4 42.Kg1 Qc5 43.h4 Kf8 44.Qa8+ Kg7 45.Qf3 Qa5 46.Qf6+ Kg8
47.Qf3 Qb4 48.Qf6 Qd2 49.Kh2 Kf8 50.Kg2 Qxa2 51.Qd8+ Kg7 52.Qf6+ Kg8 53.
Qd8+ Kh7 54.Qe7 Qd5+ 55.f3 Qxe5 56.Qxa3 Qe2+ 57.Kg1 Qd2 58.f4 Qd4+ 59.Kg2 
Kg7 60.Kh2 Qf2+ 61.Kh3 Qg1 62.Qc3+ Kg8 63.Qc8+ Kh7 64.Qb7 Qf1+ 65.Kh2 Qe2+
66.Kh3 Kg7 67.Qc6 Qd2 68.Qf3 Kf6 69.Qb7 Qc2 70.Qb6 Kf5 71.Qb5+ Kf6 72.Qg5+
Kg7 73.Qe5+ Kf8 74.Qb8+ Ke7 75.Qb4+ Kd7 76.Qd4+ Kc6 77.Qa7 Qf5+ 78.Kh2 Kb5
79.Qc7 Kb4 80.Qb7+ Kc3 81.Qc6+ Kd4 82.Qb6+ Qc5 83.Qb7 Ke3 84.Qb3+ Kf2 85.
Qb2+ Ke3 86.Qb3+ Kd2 87.Qb2+ Qc2 88.Qb7 Ke3+ 89.Kh3 Qd1 90.Qa7+ Kf3 91.
Qa3+ Ke2 92.Qb2+ Qd2 93.Qb7 Qd3 94.Qb2+ Ke1 95.Qc1+ Kf2 96.Qc5+ Ke2 97.Qc6
Qf5+ 98.Kh2 Qd5 99.Qa6+ Kf2 100.Qa7+ Kf3 101.Qa3+ Kg4 102.Qc3 Qa2+ 103.Kg1
f5 104.Qf6 Qb1+ 105.Kf2 Qc2+ 106.Ke3 Qe4+ 107.Kd2 Qg2+ 108.Kc1 Qxg3 109.
Qxg6+ Kxh4 110.Qxe6 Qxf4+ 111.Kd1 Qf3+ 112.Kd2 Kh3 113.Qc8 h4 114.Ke1 Kh2 
115.Qc2+ Kh1 116.Qf2 Qxf2+ 117.Kxf2 Kh2 0-1

[Event "48th Bosna it"]
[Site "Sarajevo BIH"]
[Date "2018.05.08"]
[Round "5.3"]
[White "Djukic, Nikola"]
[Black "Sadikhov, Ulvi"]
[Result "1/2-1/2"]
[WhiteElo "2556"]
[BlackElo "2473"]
[EventDate "2018.05.05"]
[PlyCount "60"]

1.e4 c5 2.Nf3 e6 3.d4 cxd4 4.Nxd4 a6 5.Nc3 Qc7 6.Bd3 Nf6 7.f4 d6 8.Qf3 
Nbd7 9.Bd2 Be7 10.g4 Nc5 11.g5 Nfd7 12.b4 Nxd3+ 13.cxd3 Qb6 14.Nce2 O-O 
15.a3 g6 16.h4 e5 17.Nc2 exf4 18.Nxf4 f5 19.exf5 Rxf5 20.Ne3 Ne5 21.Qd5+ 
Rf7 22.Rf1 Bd7 23.O-O-O Qc6+ 24.Kb2 Rf8 25.d4 Ng4 26.Qxc6 bxc6 27.Nxg4 
Bxg4 28.Rc1 Bd7 29.Rfe1 Bd8 30.Ne6 Re8 1/2-1/2

[Event "48th Bosna it"]
[Site "Sarajevo BIH"]
[Date "2018.05.08"]
[Round "5.4"]
[White "Can, Emre"]
[Black "Nestorovic, Lazar"]
[Result "1-0"]
[WhiteElo "2596"]
[BlackElo "2370"]
[EventDate "2018.05.05"]
[PlyCount "83"]

1.d4 Nf6 2.c4 g6 3.Nc3 Bg7 4.e4 d6 5.Be2 O-O 6.Be3 e5 7.d5 Nbd7 8.g4 Nc5 
9.f3 a5 10.h4 h5 11.g5 Nh7 12.Qd2 f6 13.gxf6 Rxf6 14.O-O-O Qf8 15.Nh3 Bd7 
16.Rdg1 Be8 17.Rg3 a4 18.Rhg1 a3 19.b4 Na6 20.f4 exf4 21.Nxf4 Rxf4 22.Bxf4
Nxb4 23.Kb1 Nf6 24.Bg5 Nd7 25.Bxh5 Ne5 26.Be2 Ba4 27.Nxa4 Rxa4 28.Qf4 Na6 
29.Qxf8+ Kxf8 30.Bc1 Nc5 31.Rxa3 Rb4+ 32.Kc2 Nxe4 33.Ra8+ Kf7 34.Rc8 c6 
35.Rf1+ Ke7 36.Rc7+ Nd7 37.Rxd7+ Kxd7 38.Rf7+ Ke8 39.Rxg7 Ra4 40.a3 Ng3 
41.Bd3 cxd5 42.Kb3 1-0

[Event "48th Bosna it"]
[Site "Sarajevo BIH"]
[Date "2018.05.08"]
[Round "5.5"]
[White "Manea, Alexandru"]
[Black "Fier, Alexandr"]
[Result "0-1"]
[WhiteElo "2402"]
[BlackElo "2580"]
[EventDate "2018.05.05"]
[PlyCount "58"]

1.d4 Nf6 2.c4 g6 3.Nf3 Bg7 4.g3 O-O 5.Bg2 d6 6.O-O Nc6 7.Nc3 a6 8.b3 Rb8 
9.Nd5 Nxd5 10.cxd5 Nb4 11.e4 f5 12.Nh4 fxe4 13.Bxe4 c6 14.dxc6 bxc6 15.Bg5
Qe8 16.Qd2 Qf7 17.Rac1 Bh3 18.Bg2 Bxg2 19.Nxg2 Rb5 20.a3 Nd5 21.Rxc6 Rxb3 
22.Rxa6 Qf5 23.Ra5 e6 24.Bh6 Rd3 25.Nh4 Qe4 26.Qg5 Nc3 27.h3 Rxg3+ 28.fxg3
Rxf1+ 29.Kxf1 Qe2+ 0-1

[Event "48th Bosna it"]
[Site "Sarajevo BIH"]
[Date "2018.05.08"]
[Round "5.6"]
[White "Kurajica, Bojan"]
[Black "Bistric, Faruk"]
[Result "1-0"]
[WhiteElo "2516"]
[BlackElo "2346"]
[EventDate "2018.05.05"]
[PlyCount "69"]

1.Nf3 e6 2.g3 b5 3.a4 b4 4.Bg2 Bb7 5.O-O Nf6 6.d3 d5 7.a5 Be7 8.c3 Na6 9.
Qa4+ c6 10.Bg5 Rb8 11.Nd4 Qd7 12.cxb4 Ba8 13.b5 cxb5 14.Qd1 e5 15.Nf3 Qf5 
16.Bd2 d4 17.e3 O-O 18.exd4 exd4 19.Nxd4 Qd7 20.Nf3 Qxd3 21.Bf4 Rbd8 22.
Qxd3 Rxd3 23.Ne5 Rb3 24.Re1 Bxg2 25.Kxg2 Nd5 26.Bc1 Rc8 27.Nd2 Rb4 28.b3 
Rc2 29.Nef3 Nc5 30.Re5 Nd3 31.Rxd5 Nxc1 32.Rd7 Bf6 33.Ne1 Rc8 34.Rxc1 Rxc1
35.Nd3 1-0

[Event "48th Bosna it"]
[Site "Sarajevo BIH"]
[Date "2018.05.08"]
[Round "5.7"]
[White "Marjanovic, Dejan"]
[Black "Kadric, Denis"]
[Result "0-1"]
[WhiteElo "2391"]
[BlackElo "2500"]
[EventDate "2018.05.05"]
[PlyCount "78"]

1.d4 d6 2.Nf3 g6 3.c4 Bg7 4.g3 f5 5.Bg2 Nf6 6.O-O O-O 7.Nc3 c6 8.Qb3 Kh8 
9.Rd1 Na6 10.Qa3 Nc7 11.b3 Bd7 12.Bb2 a5 13.b4 Be6 14.Nd2 d5 15.c5 Ne4 16.
e3 g5 17.bxa5 Nxc3 18.Qxc3 f4 19.a4 Qe8 20.exf4 gxf4 21.Re1 Bf5 22.Nf3 Ne6
23.Ne5 Qh5 24.Bf3 Qh6 25.h4 Bf6 26.Kg2 Qg7 27.Kh2 Rg8 28.Bh5 Raf8 29.Rg1 
Qh6 30.Nf7+ Rxf7 31.Bxf7 Bxh4 32.Kg2 Bh3+ 33.Kf3 fxg3 34.fxg3 Bxg3 35.Bxe6
Qf4+ 36.Ke2 Qf2+ 37.Kd3 Bxe6 38.Qd2 Qf3+ 39.Qe3 Bf5+ 0-1

[Event "48th Bosna it"]
[Site "Sarajevo BIH"]
[Date "2018.05.08"]
[Round "5.8"]
[White "Cvitan, Ognjen"]
[Black "Burovic, Rijad"]
[Result "1-0"]
[WhiteElo "2487"]
[BlackElo "2331"]
[EventDate "2018.05.05"]
[PlyCount "109"]

1.d4 Nf6 2.c4 g6 3.Nc3 Bg7 4.e4 d6 5.Nf3 O-O 6.Be2 e5 7.O-O Nc6 8.dxe5 
dxe5 9.Bg5 Qxd1 10.Rfxd1 Bg4 11.h3 Bxf3 12.Bxf3 Nd4 13.Nd5 Ne8 14.Be7 c6 
15.Nc3 Nc7 16.Bxf8 Bxf8 17.Ne2 Nce6 18.Nxd4 Nxd4 19.Rd3 a5 20.g3 Bc5 21.
Kg2 Kg7 22.h4 h5 23.Rf1 Rh8 24.Bd1 f5 25.Re1 f4 26.a3 Rf8 27.Bf3 Kf6 28.
Rb1 Ke6 29.b4 axb4 30.axb4 Be7 31.c5 fxg3 32.fxg3 Ra8 33.Rb2 b6 34.cxb6 
Rb8 35.Bd1 Rxb6 36.Bb3+ Kd7 37.Bf7 Bxb4 38.Bxg6 c5 39.Bxh5 c4 40.Rc3 Bxc3 
41.Rxb6 Bd2 42.Bd1 c3 43.h5 Ke7 44.Kh3 Be3 45.h6 Kf7 46.Kg4 c2 47.Bxc2 
Nxc2 48.Rb7+ Kg8 49.Kh5 Nd4 50.Kg6 Bxh6 51.Kxh6 Ne2 52.g4 Nf4 53.g5 Ne6 
54.g6 Nf8 55.Rb8 1-0

[Event "48th Bosna it"]
[Site "Sarajevo BIH"]
[Date "2018.05.08"]
[Round "5.9"]
[White "Kalezic, Blazo"]
[Black "Eric, Jovana"]
[Result "0-1"]
[WhiteElo "2463"]
[BlackElo "2301"]
[EventDate "2018.05.05"]
[PlyCount "63"]

1.e4 g6 2.d4 Bg7 3.Nf3 d6 4.Nc3 Nf6 5.Be2 O-O 6.Be3 Nc6 7.h3 e5 8.d5 Ne7 
9.g4 c6 10.Qd2 cxd5 11.exd5 Qa5 12.O-O-O b5 13.Nxb5 Qxa2 14.c4 Rb8 15.Qb4 
Nexd5 16.cxd5 Ba6 17.Nc3 Rxb4 18.Nxa2 Bxe2 19.Nxb4 Bxf3 20.g5 Ne4 21.Rhe1 
Bxd1 22.Rxd1 f6 23.gxf6 Rxf6 24.Rf1 a5 25.Nc6 a4 26.Kd1 Rf3 27.h4 Nf6 28.
Ne7+ Kf8 29.Nc8 Nxd5 30.Ke2 Nxe3 31.Rb1 Nc4 32.Ra1 0-1

[Event "48th Bosna it"]
[Site "Sarajevo BIH"]
[Date "2018.05.08"]
[Round "5.10"]
[White "Ozen, Bahadir"]
[Black "Dizdarevic, Emir"]
[Result "1/2-1/2"]
[WhiteElo "2295"]
[BlackElo "2458"]
[EventDate "2018.05.05"]
[PlyCount "33"]

1.g3 d5 2.Nf3 g6 3.Bg2 Bg7 4.O-O Nf6 5.d3 O-O 6.Nbd2 a5 7.a4 Na6 8.c3 b6 
9.Qc2 Bb7 10.Qb1 Nc5 11.b3 Re8 12.Ba3 e5 13.d4 Ncd7 14.Nxe5 Nxe5 15.dxe5 
Rxe5 16.e3 Ne4 17.Qc2 1/2-1/2

[Event "48th Bosna it"]
[Site "Sarajevo BIH"]
[Date "2018.05.08"]
[Round "5.11"]
[White "Radovanovic, Nikola"]
[Black "Shah, Rishab"]
[Result "1-0"]
[WhiteElo "2438"]
[BlackElo "2084"]
[EventDate "2018.05.05"]
[PlyCount "91"]

1.e4 c5 2.Nf3 d6 3.d4 cxd4 4.Nxd4 Nf6 5.Nc3 g6 6.Be3 Bg7 7.f3 O-O 8.Qd2 
Nc6 9.g4 Nxd4 10.Bxd4 Be6 11.h4 Qa5 12.a3 Rfc8 13.h5 b5 14.Nxb5 Qxd2+ 15.
Kxd2 a6 16.h6 Bh8 17.g5 Nxe4+ 18.fxe4 axb5 19.Bxh8 Kxh8 20.Bxb5 Rc5 21.Bd3
Rb8 22.b4 Rxg5 23.b5 Rg2+ 24.Ke3 f5 25.a4 Rf8 26.a5 Rg3+ 27.Kd2 Rg2+ 28.
Kc1 d5 29.exf5 Bxf5 30.Bxf5 gxf5 31.a6 Rg6 32.a7 Ra8 33.Re1 e5 34.Rxe5 
Rg1+ 35.Kb2 Rxa1 36.Kxa1 Rxa7+ 37.Kb2 Ra8 38.Rxf5 Rd8 39.Kc3 d4+ 40.Kd3 
Kg8 41.b6 Rb8 42.Rf6 Rd8 43.b7 Rb8 44.Rb6 Kf7 45.Kxd4 Ke7 46.Kc5 1-0

[Event "48th Bosna it"]
[Site "Sarajevo BIH"]
[Date "2018.05.08"]
[Round "5.12"]
[White "Vajic, Goran"]
[Black "Krishna, C. R. G."]
[Result "0-1"]
[WhiteElo "2294"]
[BlackElo "2416"]
[EventDate "2018.05.05"]
[PlyCount "66"]

1.e4 e6 2.d4 d5 3.Nc3 Bb4 4.e5 c5 5.Bd2 Ne7 6.dxc5 Nbc6 7.Qg4 Ng6 8.Nf3 
Bxc5 9.Qh5 Qb6 10.O-O-O Bxf2 11.Kb1 Bd7 12.Bd3 Nb4 13.Bxg6 fxg6 14.Qg4 Rc8
15.Rhf1 Rc4 16.Qh3 O-O 17.a3 Nxc2 18.Kxc2 d4 19.Nxd4 Rxd4 20.Kb1 Qa6 21.
Bg5 h6 22.Be7 Rf7 23.Bd8 Qc4 24.Rxd4 Bxd4 25.Rxf7 Kxf7 26.Qf3+ Ke8 27.Ba5 
Bc6 28.Qg4 Kf7 29.Kc2 Ba4+ 30.Kb1 Qd3+ 31.Ka2 Bc6 32.Qf4+ Kg8 33.Qg4 Bxc3 
0-1

[Event "48th Bosna it"]
[Site "Sarajevo BIH"]
[Date "2018.05.08"]
[Round "5.13"]
[White "Ivic, Velimir"]
[Black "Urh, Zala"]
[Result "1-0"]
[WhiteElo "2405"]
[BlackElo "2040"]
[EventDate "2018.05.05"]
[PlyCount "57"]

1.e4 e5 2.Nf3 Nc6 3.Bb5 Nf6 4.d3 Bc5 5.Bxc6 dxc6 6.Nbd2 O-O 7.Nc4 Nd7 8.
O-O Re8 9.Bd2 Bf8 10.a4 c5 11.Bc3 f6 12.Nh4 Nb8 13.g3 Nc6 14.f4 exf4 15.
gxf4 Nd4 16.f5 Bd7 17.Nd2 a6 18.Ndf3 Bc6 19.Nxd4 cxd4 20.Bd2 b5 21.a5 Bb7 
22.Qh5 Qd7 23.Rf3 Re7 24.Ng6 Ree8 25.Rh3 h6 26.Rg3 Kh7 27.Bxh6 gxh6 28.
Nxf8+ Rxf8 29.Rg6 1-0

[Event "48th Bosna it"]
[Site "Sarajevo BIH"]
[Date "2018.05.08"]
[Round "5.14"]
[White "Runic, Zoran"]
[Black "Hoeneveld, Maarten"]
[Result "1-0"]
[WhiteElo "2408"]
[BlackElo "2045"]
[EventDate "2018.05.05"]
[PlyCount "55"]

1.e4 e5 2.Nc3 Nf6 3.Bc4 Bb4 4.d3 d5 5.exd5 Nxd5 6.Ne2 Bg4 7.Bd2 Nxc3 8.
bxc3 Bd6 9.h3 Bh5 10.g4 Bg6 11.Ng3 Nd7 12.h4 f6 13.h5 Bf7 14.Bxf7+ Kxf7 
15.Qf3 c6 16.g5 Qc7 17.Ne4 Raf8 18.h6 g6 19.gxf6 Ke8 20.Bg5 Be7 21.Qe3 
Nxf6 22.Bxf6 Bxf6 23.Qxa7 Kf7 24.Rb1 Rb8 25.Rh3 Rhe8 26.Rf3 Re6 27.a4 c5 
28.Ng5+ 1-0

[Event "48th Bosna it"]
[Site "Sarajevo BIH"]
[Date "2018.05.08"]
[Round "5.15"]
[White "Yilmaz, Mustafa"]
[Black "Obad, Andrija"]
[Result "1-0"]
[WhiteElo "2621"]
[BlackElo "2280"]
[EventDate "2018.05.05"]
[PlyCount "51"]

1.d4 Nf6 2.c4 g6 3.Nc3 Bg7 4.e4 d6 5.Be2 O-O 6.Be3 e5 7.d5 Na6 8.g4 Nc5 9.
f3 a5 10.h4 Ne8 11.h5 f5 12.hxg6 hxg6 13.gxf5 gxf5 14.Qc2 Bd7 15.O-O-O a4 
16.Nh3 f4 17.Bf2 Bf6 18.Rdg1+ Ng7 19.Kb1 Rf7 20.Bf1 b6 21.Be1 Qe7 22.Qg2 
Rff8 23.Qg6 Be8 24.Qh6 Bd7 25.Ng5 Bxg5 26.Rxg5 1-0

[Event "48th Bosna it"]
[Site "Sarajevo BIH"]
[Date "2018.05.08"]
[Round "5.16"]
[White "Tratar, Marko"]
[Black "Kersic, Matej"]
[Result "1-0"]
[WhiteElo "2456"]
[BlackElo "2109"]
[EventDate "2018.05.05"]
[PlyCount "65"]

1.c4 Nf6 2.Nf3 c6 3.g3 d5 4.Bg2 Bf5 5.O-O e6 6.d3 h6 7.Qb3 Qb6 8.Qc2 Na6 
9.a3 dxc4 10.Qxc4 Qc5 11.Qa4 Nc7 12.b4 Qe7 13.Nd4 Nd7 14.Nxf5 exf5 15.Nc3 
a6 16.Bb2 O-O-O 17.Rfc1 Kb8 18.Qc2 Nb6 19.e3 Qd7 20.Rd1 Rg8 21.Ne2 Ne6 22.
Nd4 Nxd4 23.Bxd4 Nc8 24.Rab1 Bd6 25.a4 Qe7 26.Qc3 f6 27.Rdc1 Be5 28.Bxe5+ 
Qxe5 29.d4 Qd6 30.b5 cxb5 31.axb5 axb5 32.Rxb5 Rd7 33.Qb3 1-0

[Event "48th Bosna it"]
[Site "Sarajevo BIH"]
[Date "2018.05.08"]
[Round "5.17"]
[White "Strinic, Halid"]
[Black "Drasko, Milan"]
[Result "1/2-1/2"]
[WhiteElo "2133"]
[BlackElo "2449"]
[EventDate "2018.05.05"]
[PlyCount "78"]

1.e4 e6 2.d4 d5 3.Nd2 Be7 4.Ngf3 Nf6 5.Bd3 c5 6.e5 Nfd7 7.c3 b6 8.Qe2 a5 
9.O-O Ba6 10.Bxa6 Nxa6 11.c4 Nc7 12.dxc5 Nxc5 13.cxd5 Nxd5 14.Ne4 O-O 15.
Bd2 Rc8 16.Rfd1 Qd7 17.g3 Qa4 18.Nc3 Nxc3 19.Bxc3 Rfd8 20.Nd4 Rd5 21.Rd2 
Rcd8 22.b3 Qd7 23.Rad1 Qb7 24.Nb5 Rxd2 25.Rxd2 Rxd2 26.Bxd2 Qd7 27.Be3 Qd5
28.Bd4 g6 29.Qe3 Ne4 30.Nc3 Nxc3 31.Qxc3 b5 32.Be3 a4 33.Bh6 Qa8 34.h4 
axb3 35.axb3 Bf8 36.Bxf8 Qxf8 37.b4 Qd8 38.Qc5 Qd3 39.Kh2 h5 1/2-1/2

[Event "48th Bosna it"]
[Site "Sarajevo BIH"]
[Date "2018.05.08"]
[Round "5.18"]
[White "Stoyanov, Tsvetan"]
[Black "Sadikovic, Jasmin"]
[Result "1-0"]
[WhiteElo "2373"]
[BlackElo "2073"]
[EventDate "2018.05.05"]
[PlyCount "97"]

1.e4 d6 2.d4 Nf6 3.Nc3 g6 4.g3 Bg7 5.Bg2 O-O 6.Nge2 c6 7.h3 Re8 8.Be3 Qc7 
9.Qd2 Nbd7 10.a4 a6 11.f4 Nf8 12.a5 b5 13.axb6 Qxb6 14.O-O Qc7 15.b4 Be6 
16.Qd3 d5 17.e5 Bf5 18.Qd1 Ne4 19.g4 Nxc3 20.Nxc3 Bc8 21.f5 Qb6 22.Qf3 f6 
23.Nxd5 cxd5 24.Qxd5+ Be6 25.fxe6 Rad8 26.Qf3 Qxe6 27.exf6 exf6 28.Bf2 Qc4
29.c3 Rd6 30.Ra5 Ne6 31.Bg3 Rb6 32.h4 Rc8 33.d5 Nf8 34.Bf2 Rbb8 35.Rc5 
Rxc5 36.bxc5 Nd7 37.c6 Ne5 38.Qg3 Bf8 39.g5 Bd6 40.gxf6 Nf7 41.Qh3 Re8 42.
Re1 Rf8 43.Bd4 Qa2 44.Qd7 Qc2 45.c7 Qf5 46.c8=Q Rxc8 47.Re8+ Rxe8 48.Qxe8+
Bf8 49.Bc5 1-0

[Event "48th Bosna it"]
[Site "Sarajevo BIH"]
[Date "2018.05.08"]
[Round "5.19"]
[White "Arapovic, Vitomir"]
[Black "Levar, Nenad"]
[Result "1-0"]
[WhiteElo "2329"]
[BlackElo "2075"]
[EventDate "2018.05.05"]
[PlyCount "97"]

1.e4 c5 2.Nf3 d6 3.c3 Nf6 4.h3 e6 5.Bd3 Be7 6.O-O O-O 7.Bc2 e5 8.d4 cxd4 
9.cxd4 Nc6 10.Nc3 b6 11.d5 Nb8 12.Ne1 Ba6 13.Nd3 Nbd7 14.Re1 Rc8 15.Nb4 
Bb7 16.Ba4 Nb8 17.Nb5 a5 18.Nd3 Nfd7 19.f4 exf4 20.Bxf4 Nc5 21.Nxc5 bxc5 
22.Na7 Rc7 23.e5 Ba6 24.Nc6 Nxc6 25.dxc6 d5 26.Qf3 Rc8 27.Qg4 Kh8 28.e6 f5
29.Qf3 Qb6 30.Be5 d4 31.Qg3 Rg8 32.Qb3 Qb4 33.c7 c4 34.Qxb4 axb4 35.Bd7 d3
36.Bxc8 Rxc8 37.Rad1 Bc5+ 38.Kh1 Kg8 39.g4 fxg4 40.hxg4 Bb7+ 41.Kh2 Bf3 
42.b3 Bxg4 43.bxc4 Bf5 44.Bg3 g6 45.Re5 Bd6 46.Rxf5 Bxg3+ 47.Kxg3 gxf5 48.
Rxd3 Rxc7 49.Rd8+ 1-0

[Event "48th Bosna it"]
[Site "Sarajevo BIH"]
[Date "2018.05.08"]
[Round "5.20"]
[White "Bucan, Eldin"]
[Black "Cerovic, Danilo"]
[Result "1/2-1/2"]
[WhiteElo "2115"]
[BlackElo "2307"]
[EventDate "2018.05.05"]
[PlyCount "99"]

1.e4 c5 2.Nf3 d6 3.d4 cxd4 4.Nxd4 Nf6 5.Nc3 a6 6.Bg5 Nbd7 7.Qd2 e6 8.O-O-O
Qc7 9.f3 Be7 10.g4 b5 11.Bxb5 axb5 12.Ndxb5 Qb8 13.Nxd6+ Bxd6 14.Qxd6 Qxd6
15.Rxd6 h5 16.gxh5 Rxh5 17.h4 Ne5 18.f4 Ng6 19.f5 Ne5 20.a4 exf5 21.exf5 
Bxf5 22.Bxf6 gxf6 23.Rxf6 Be6 24.b3 Ke7 25.Rff1 Ng6 26.Kb2 Rxh4 27.Rxh4 
Nxh4 28.Nb5 Nf5 29.Re1 Nd6 30.Nc7 Rc8 31.Nd5+ Kd8 32.Nb6 Rc6 33.a5 Nc8 34.
Na4 Nd6 35.Re5 Kc7 36.Nc5 Bc8 37.c4 f5 38.Kc3 f4 39.Kd4 f3 40.Ke3 Bg4 41.
Kf2 Nf7 42.Nd3 Nxe5 43.Nxe5 Rc5 44.Nxg4 Rxa5 45.Ne3 Kd6 46.Kxf3 Kc5 47.Ke4
Ra3 48.b4+ Kxb4 49.Nc2+ Kxc4 50.Nxa3+ 1/2-1/2

[Event "48th Bosna it"]
[Site "Sarajevo BIH"]
[Date "2018.05.08"]
[Round "5.21"]
[White "Pecnik, Leo"]
[Black "Alaz, Ahmet Efekan"]
[Result "1/2-1/2"]
[WhiteElo "2299"]
[BlackElo "2072"]
[EventDate "2018.05.05"]
[PlyCount "138"]

1.e4 e6 2.d3 d5 3.Nd2 Nf6 4.Ngf3 c5 5.g3 Nc6 6.Bg2 Be7 7.O-O O-O 8.e5 Nd7 
9.Re1 Re8 10.Nf1 f6 11.exf6 Bxf6 12.h4 e5 13.Ng5 Nf8 14.Ne3 Ne7 15.Qh5 
Bxg5 16.Qxg5 Qd6 17.c4 Be6 18.cxd5 Bxd5 19.Bxd5+ Nxd5 20.Qxg7+ Kxg7 21.
Nf5+ Kg6 22.Nxd6 Re7 23.Bg5 Re6 24.Nxb7 Nd7 25.Na5 Nb4 26.Red1 Ra6 27.Nc4 
Nc2 28.Rac1 Nd4 29.Kg2 Rxa2 30.Ra1 Rxa1 31.Rxa1 a6 32.Be3 Nc2 33.Ra5 Ne1+ 
34.Kf1 Nxd3 35.Ke2 Nb4 36.g4 Kf6 37.Nd6 Nc6 38.Ne4+ Kf7 39.Ra3 Rb8 40.Rxa6
Rxb2+ 41.Kf3 Nd4+ 42.Kg2 Ne6 43.Ra7 Ke8 44.g5 Rb6 45.Kf3 Nd4+ 46.Kg4 c4 
47.Rc7 Rc6 48.Rxc6 Nxc6 49.Nd6+ Ke7 50.Nxc4 Ke6 51.h5 Ne7 52.Bc1 Nd5 53.
Bb2 Nb4 54.Bc1 Nd3 55.Be3 Kd5 56.Nb6+ Nxb6 57.Bxb6 Ke6 58.f3 Nf4 59.Be3 
Nd5 60.Bd2 Ne7 61.g6 hxg6 62.h6 Nd5 63.Bc3 Kf7 64.Bxe5 Kg8 65.Bf4 Kh7 66.
Bg5 Nc7 67.f4 Ne6 68.Kf3 Nd4+ 69.Ke4 Nf5 1/2-1/2

[Event "48th Bosna it"]
[Site "Sarajevo BIH"]
[Date "2018.05.08"]
[Round "5.22"]
[White "Hadzovic, Amir"]
[Black "Marn, Jan"]
[Result "1-0"]
[WhiteElo "2287"]
[BlackElo "2063"]
[EventDate "2018.05.05"]
[PlyCount "51"]

1.Nf3 d5 2.g3 Nf6 3.Bg2 g6 4.d3 Bg7 5.c3 O-O 6.Qa4 c5 7.Qh4 Qb6 8.O-O Nc6 
9.e4 dxe4 10.dxe4 Bg4 11.Nbd2 h6 12.Nc4 Qa6 13.b3 g5 14.Bxg5 Bxf3 15.Bxf3 
hxg5 16.Qxg5 Nd7 17.Be2 Nde5 18.f4 Nxc4 19.Bxc4 b5 20.Bd5 e6 21.f5 f6 22.
Bxe6+ Rf7 23.Qh5 Ne5 24.Rad1 Qc6 25.Rd5 Re8 26.Rxe5 1-0

[Event "48th Bosna it"]
[Site "Sarajevo BIH"]
[Date "2018.05.08"]
[Round "5.23"]
[White "Pantovic, Dragan"]
[Black "Subelj, Jan"]
[Result "1/2-1/2"]
[WhiteElo "2107"]
[BlackElo "2284"]
[EventDate "2018.05.05"]
[PlyCount "111"]

1.d4 Nf6 2.c4 e6 3.Nc3 d5 4.cxd5 exd5 5.Bg5 Nbd7 6.e3 Be7 7.Bd3 c6 8.Qc2 
Nf8 9.Nf3 Ne6 10.Bh4 g6 11.O-O Ng7 12.b4 Nf5 13.Bxf6 Bxf6 14.b5 O-O 15.
bxc6 bxc6 16.Na4 Ne7 17.Rab1 Bg7 18.Nc5 Qd6 19.Rfc1 f5 20.Ba6 f4 21.Bxc8 
Raxc8 22.e4 dxe4 23.Qxe4 Rf6 24.Rb7 Nf5 25.Rd7 Qf8 26.Rxa7 Re8 27.Qd3 Rd6 
28.Qc4+ Rd5 29.Rd7 Nxd4 30.Nxd4 Qxc5 31.Qxc5 Rxc5 32.Rb1 Rd5 33.Rxd5 cxd5 
34.Nc6 Re2 35.Kf1 Rxa2 36.Rd1 Kf7 37.Rxd5 Ke6 38.Rd3 g5 39.h3 Bf8 40.Nd4+ 
Kf6 41.Nf3 h5 42.Rc3 g4 43.hxg4 hxg4 44.Nd4 Ke5 45.Nc2 Ra5 46.Ke2 Bc5 47.
Ne1 Kd4 48.Rd3+ Kc4 49.Rd2 Bb4 50.Rd1 Re5+ 51.Kf1 Rxe1+ 52.Rxe1 Bxe1 53.
Kxe1 Kd3 54.Kd1 f3 55.g3 Kc3 56.Kc1 1/2-1/2

[Event "48th Bosna it"]
[Site "Sarajevo BIH"]
[Date "2018.05.08"]
[Round "5.24"]
[White "Nestorovic, Dejan"]
[Black "Halilovic, Fahrudin"]
[Result "1-0"]
[WhiteElo "2364"]
[BlackElo "2035"]
[EventDate "2018.05.05"]
[PlyCount "71"]

1.e4 Nc6 2.d4 d5 3.exd5 Qxd5 4.Nf3 e5 5.dxe5 Qxd1+ 6.Kxd1 Bg4 7.Bf4 Bxf3+ 
8.gxf3 O-O-O+ 9.Nd2 Bc5 10.c3 Bxf2 11.Bh3+ Kb8 12.Ke2 Bh4 13.Rhg1 g6 14.
Rg4 Be7 15.Bg3 f5 16.Rc4 Bg5 17.f4 Bh6 18.Nf3 Nge7 19.Nd4 Nxd4+ 20.Rxd4 
Rxd4 21.cxd4 Rd8 22.Rd1 Nc6 23.d5 Nb4 24.Bg2 Nxa2 25.Bh4 Rg8 26.d6 cxd6 
27.Bd5 Re8 28.Bf7 Rc8 29.e6 Rc2+ 30.Rd2 Rc8 31.e7 Bxf4 32.Rd1 g5 33.Bg3 
Nc1+ 34.Kf1 Nb3 35.Bxf4 gxf4 36.Bxb3 1-0

[Event "48th Bosna it"]
[Site "Sarajevo BIH"]
[Date "2018.05.08"]
[Round "5.25"]
[White "Maksimovic, Bojan"]
[Black "Tarun, Kanyamarala"]
[Result "1/2-1/2"]
[WhiteElo "2301"]
[BlackElo "2006"]
[EventDate "2018.05.05"]
[PlyCount "57"]

1.e4 c6 2.d4 d5 3.Nc3 dxe4 4.Nxe4 Bf5 5.Ng3 Bg6 6.h4 h6 7.Nf3 e6 8.h5 Bh7 
9.Bd3 Bxd3 10.Qxd3 Nf6 11.Bd2 Be7 12.O-O-O O-O 13.Kb1 c5 14.Qe2 Qb6 15.
dxc5 Bxc5 16.Ne4 Nxe4 17.Qxe4 Nc6 18.Bc3 Rfe8 19.Rd7 Re7 20.Rxe7 Nxe7 21.
b3 Bxf2 22.Rf1 Rc8 23.Bb2 Nf5 24.Ne5 Rd8 25.g4 Ng3 26.Qf3 Nxf1 27.Qxf7+ 
Kh7 28.Qg6+ Kg8 29.Qf7+ 1/2-1/2

[Event "48th Bosna it"]
[Site "Sarajevo BIH"]
[Date "2018.05.08"]
[Round "5.26"]
[White "Konjicanin, Muris"]
[Black "Janjic, Jovo"]
[Result "1-0"]
[WhiteElo "2289"]
[BlackElo "1981"]
[EventDate "2018.05.05"]
[PlyCount "103"]

1.d4 d5 2.c4 e6 3.Nc3 Nf6 4.Bg5 Be7 5.cxd5 Nxd5 6.Bxe7 Qxe7 7.Rc1 Nxc3 8.
Rxc3 O-O 9.e3 c6 10.Bd3 Nd7 11.Qc2 h6 12.Nf3 e5 13.O-O exd4 14.Nxd4 Nf6 
15.Qe2 Re8 16.Qf3 Bg4 17.Qg3 Qe5 18.Rfc1 Qxg3 19.hxg3 Bd7 20.a3 Ne4 21.
Bxe4 Rxe4 22.Rb3 Bc8 23.f3 Re7 24.Kf2 Be6 25.Rd3 Rd7 26.e4 Rad8 27.Ke3 g6 
28.g4 f6 29.b3 Bf7 30.Rcd1 Kf8 31.f4 Re8 32.Ne6+ Bxe6 33.Rxd7 Bxd7 34.Rxd7
Re7 35.Rd6 Kf7 36.f5 g5 37.Kd4 Kg7 38.a4 Kf7 39.a5 a6 40.Rd8 Kg7 41.Rb8 
Kf7 42.g3 Kg7 43.Rd8 Kf7 44.Rd6 Kg7 45.Kd3 Kf7 46.Ke3 Kg7 47.Rd4 Kf7 48.
Kd3 Kg7 49.e5 Rxe5 50.Rd7+ Kg8 51.Rxb7 c5 52.b4 1-0

[Event "48th Bosna it"]
[Site "Sarajevo BIH"]
[Date "2018.05.08"]
[Round "5.27"]
[White "Dedic, Nedzad"]
[Black "Doric, Nenad"]
[Result "0-1"]
[WhiteElo "1973"]
[BlackElo "2250"]
[EventDate "2018.05.05"]
[PlyCount "97"]

1.e4 c5 2.Nf3 e6 3.d4 cxd4 4.Nxd4 Nf6 5.Nc3 Nc6 6.a3 Be7 7.Nxc6 bxc6 8.e5 
Nd5 9.Ne4 Qc7 10.f4 Qb6 11.c4 Ne3 12.Qd3 Nxf1 13.Rxf1 f5 14.Nd6+ Bxd6 15.
exd6 c5 16.Rf2 a5 17.Re2 O-O 18.Be3 a4 19.Rb1 Bb7 20.Rd1 Rfe8 21.Bc1 Be4 
22.Qg3 Qb3 23.Qxb3 axb3 24.Kd2 Bc2 25.Rde1 Ra6 26.Kc3 Rxd6 27.Rxc2 bxc2 
28.Kxc2 Rb8 29.Be3 Rc6 30.Rd1 d6 31.Kc3 Rbc8 32.Kd3 Kf7 33.Rc1 Rb8 34.Kc2 
d5 35.Ra1 dxc4 36.Bd2 h6 37.a4 Rb3 38.Bc3 g5 39.g3 gxf4 40.gxf4 Rb8 41.a5 
Rg8 42.Ra4 Rg2+ 43.Kb1 Re2 44.a6 Rc8 45.a7 Ra8 46.h4 Re4 47.h5 Rxf4 48.Bd2
Re4 49.Bc3 0-1